000 00572nam a2200229Ia 4500
003 OSt
005 20230504100635.0
008 210423s1997 xx 000 0 und d
020 _a84756513145
040 _cAL
041 _aeng
082 _a575.102 SRIS
100 _aSRIVASTAVA (Sharad);TYAGI (Rajeev)
_997474
245 _aSelectd problems in genetics
260 _bAffiliated East West Press Ltd
_c1997
300 _bPB
365 _b2500
_cINR
440 _v3
650 _aGenetics
_997475
906 _agenetics ; problems ; Selectd
942 _2ddc
_cBK
999 _c163162
_d163162